Statistiques concernant Naruto - Épées des Épéistes de la Brume

Cliquez ici pour prendre le quiz!

Statistiques générales

  • Ce quiz a été pris 14 fois
  • Le résultat moyen est 4 sur 7

Statistiques - réponses

Réponse% Correct
Samehada
100%
Kiba
67%
Hiramekarei
56%
Kubikiribôchô
56%
Kabutowari
44%
Nuibari
44%
Shibuki
44%

Distribution des résultats

Percentile par nombre de réponses

% des personnes avec chaque résultat

Votre développement - résultats

Vous n’avez pas pris ce quiz